| 000 | 011020000a22002170004500 | ||
|---|---|---|---|
| 020 | _a978-84-7057-532-7 | ||
| 082 | 0 | 4 | _aG 128.5 F811f |
| 245 | 1 | 0 | _aLa fragilidad de los hombres : la enfermedad, la filosofía y la muerte / Editado por Enrique Anrubia |
| 260 | _aMadrid : Ediciones Cristiandad | ||
| 300 | _a205 p. ; 21 cm | ||
| 440 | 0 | _aCol. Debate | |
| 501 | _arústico | ||
| 505 | 0 | 0 | _aEl quehacer médico como modelo del trabajo humano -- El cuidado y la fundación de Europa -- Miradas sobre el cuerpo humano -- Antropología del hombre paciente. La enfermedad como metáfora de la condición humana -- Contarse y curarse. Reflexiones sobre literatura y enfermedad -- Salud, enfermedad y religión -- Dolor, consuelo y silencio -- La muerte: ¿fin o término? -- Información sobre los autores |
| 650 | 1 | 4 | _aANTROPOLOGIA FILOSOFICA \ ENFERMEDADES \ FILOSOFIA DE LA MUERTE \ DOLOR |
| 700 | 1 | _aAnrubia Aparisi, Enrique ( 1975-)., ed. | |
| 001 | 18003 | ||
| 942 | _cBK | ||
| 999 |
_c44496 _d44496 |
||
| 336 |
_atexto _btxt _2rdacontent |
||
| 337 |
_2rdamedia _asin mediación _bn |
||
| 338 |
_2rdacarrier _avolumen _bnc |
||